Los obstc̀ulos a la efectividad de las sentencias en el contencioso-administrativo, y sus soluciones

Detalles Bibliográficos
Autor principal: Escudero Herrera, Mara̕ Concepcin̤
Formato: Desconocido
Lenguaje:español
Publicado: Madrid : Dykinson, D.L. 2005
Materias:
Acceso en línea:Acceso restringido

MARC

LEADER 00000ny a22000003n 4500
005 20110524120223.0
008 051207s2005 sp s 001 0 spa c
017 |a D.L. SE.4077-2005 
020 |a 849772724X 
035 |a 1248 
040 |a BUAL  |d vLex 
040 |a UMA.RE  |d vLex 
080 |a 347.95(460) 
090 |c 206  |d 206 
100 1 |a Escudero Herrera, Mara̕ Concepcin̤ 
245 1 4 |a Los obstc̀ulos a la efectividad de las sentencias en el contencioso-administrativo, y sus soluciones  |h [Recurso electrn̤ico]  |c M® Cocepcin̤ Escudero Herrera 
256 |a Servicio en ln̕ea 
260 |a Madrid :  |b Dykinson,  |c D.L. 2005 
300 |a 203 p. ;  |c 24 cm 
506 1 |a Contenido solo disponible en los productos indicados  |d vLex Global  |d vLex Global (Academic Edition, excluding Law Schools)  |d vLex Global (U.S. Academic Edition, Law Schools)  |d vLex Global (U.S. Academic Edition, excluding Law Schools)  |d vLex Global (Academic Edition, Law Schools) 
650 0 7 |2 Tesauro vLex  |a Procedimiento contencioso-administrativo 
650 0 7 |2 Tesauro vLex  |a Procesal 
650 0 7 |2 Tesauro vLex  |a Emprštimo Entre Ex-Cn̤juges 
650 0 7 |2 Tesauro vLex  |a Sentencias 
740 0 |a vLex Libros (Servicios en ln̕ea) 
856 4 0 |z Acceso restringido  |u http://vlex.com/source/obstaculos-efectividad-sentencias-1248 
942 |c BOOK 
999 0 |a Procedure (Law)  |b Madrid